000 00796nas a2200277 i 4500
001 2038
003 ES-MaACL
005 20250820124027.0
007 t|
008 950801d18701934fr |0p | ||re d
022 _a1141-2011
080 _a82
245 0 0 _aRevue celtique /
_cdir., H. Gaidoz.
260 _aParis :
_bA. Frabuck,
_c1870-1934 (
_fMacon Protat)
300 _a17 v. :
_bil. ;
_c23 cm.
310 _aIrregular
362 0 _aT. I (1870)-(1934)
650 1 4 _aLingüística. Filología.
_914477
650 1 4 _aLenguas célticas.
_9147951
650 0 4 _aLiteratura celta-
_xHistoria y crítica.
_914520
700 1 _aGaidoz, Henri.
_953244
700 1 _aLoth, Joseph,
_d1847-1934
_9162721
852 _aES-MaACL
_jHem-361
866 0 _o1870-85,1922-34
999 _c2038
_d2038